000 01044nam a2200253Ia 4500
003 OSt
005 20221005133559.0
006 a|||||r|||| 00| 0
007 ta
008 221004b |||||||| |||| 00| 0 hin d
024 _a35963
037 _cTextual
040 _aCRL
_cCRL
_bhin
041 _2hin
_ahin
100 _aचौहान, चारू, ले.
110 _aदिल्ली विश्वविद्यालय. कला संकाय. हिन्दी विभाग
245 0 _aनाट्य रूपांतरण की दृष्टि से पुनरपि दिव्या का अध्ययन।
246 _aNāṭya rūpāantaraṇ kī dṛuṣhṭi se punarapi divyā kā adhyayana।
260 _c2014
300 _a129पृ.
_ccm.
700 _aदिल्ली विश्वविद्यालय. कला संकाय. हिन्दी विभाग
942 _cTEXL
_2cc
999 _c1067273
_d1067273